<?xml version="1.0" encoding="UTF-8"?>
<record
    xmlns:xsi="http://www.w3.org/2001/XMLSchema-instance"
    xsi:schemaLocation="http://www.loc.gov/MARC21/slim http://www.loc.gov/standards/marcxml/schema/MARC21slim.xsd"
    xmlns="http://www.loc.gov/MARC21/slim">

  <leader>02149nam a22002777a 4500</leader>
  <controlfield tag="003">OSt</controlfield>
  <controlfield tag="005">20260321073644.0</controlfield>
  <controlfield tag="008">201209b 1986 dr j 00| 0 eng d</controlfield>
  <datafield tag="040" ind1=" " ind2=" ">
    <subfield code="a">DO-SdBNP</subfield>
    <subfield code="b">spa</subfield>
    <subfield code="c">BNPHU</subfield>
  </datafield>
  <datafield tag="082" ind1=" " ind2=" ">
    <subfield code="a">RD863.44</subfield>
    <subfield code="b">D542d 1986</subfield>
  </datafield>
  <datafield tag="100" ind1="1" ind2=" ">
    <subfield code="a">D&#xED;az Grull&#xF3;n, Virgilio,</subfield>
    <subfield code="d">1924-2001</subfield>
    <subfield code="9">501</subfield>
  </datafield>
  <datafield tag="245" ind1="1" ind2="0">
    <subfield code="a">De ni&#xF1;os hombres y fantasmas /</subfield>
    <subfield code="c">Virgilio D&#xED;az Grull&#xF3;n ; pr&#xF3;logo Juan Bosch.</subfield>
  </datafield>
  <datafield tag="250" ind1=" " ind2=" ">
    <subfield code="a">3a. ed.</subfield>
  </datafield>
  <datafield tag="260" ind1=" " ind2=" ">
    <subfield code="a">Santo Domingo :</subfield>
    <subfield code="b">Taller,</subfield>
    <subfield code="c">1986.</subfield>
  </datafield>
  <datafield tag="300" ind1=" " ind2=" ">
    <subfield code="a">381 p. :</subfield>
    <subfield code="b">il. ;</subfield>
    <subfield code="c">21 cm.</subfield>
  </datafield>
  <datafield tag="490" ind1="1" ind2=" ">
    <subfield code="a">Montesinos</subfield>
    <subfield code="v">2</subfield>
  </datafield>
  <datafield tag="500" ind1=" " ind2=" ">
    <subfield code="a">Incluye datos biogr&#xE1;ficos del autor en la contracubierta.</subfield>
  </datafield>
  <datafield tag="505" ind1="0" ind2=" ">
    <subfield code="g">Presentaci&#xF3;n a la primera edici&#xF3;n --</subfield>
    <subfield code="t">A manera de pr&#xF3;logo --</subfield>
    <subfield code="t">De ni&#xF1;os--</subfield>
    <subfield code="t">El pozo sin fondo --</subfield>
    <subfield code="t">El reloj --</subfield>
    <subfield code="t">Pesadilla --</subfield>
    <subfield code="t">El peque&#xF1;o culpable --</subfield>
    <subfield code="t">La campana rota --</subfield>
    <subfield code="t">El aprendiz de brujo --</subfield>
    <subfield code="t">La enemiga --</subfield>
    <subfield code="t">Matar un rat&#xF3;n --</subfield>
    <subfield code="t">Punto de vista -</subfield>
    <subfield code="t">Matum --</subfield>
    <subfield code="g">Hombres --</subfield>
    <subfield code="t">Ca&#xED;n --</subfield>
    <subfield code="t">Jornada completa --</subfield>
    <subfield code="t">Edipo --</subfield>
    <subfield code="t">La puntualidad del se&#xF1;or Mart&#xED;nez --</subfield>
    <subfield code="t">Propiedad privada --</subfield>
    <subfield code="t">La rebeli&#xF3;n --</subfield>
    <subfield code="t">Vecindad --</subfield>
    <subfield code="t">Fiebre --</subfield>
    <subfield code="t">El corcho sobre el r&#xED;o --</subfield>
    <subfield code="t">Dos pesos para Cirilo --</subfield>
    <subfield code="t">Un epitafio para Don Justo --</subfield>
    <subfield code="t">A trav&#xE9;s del muro --</subfield>
    <subfield code="t">Cr&#xF3;nica policial --</subfield>
    <subfield code="t">Pas de deux --</subfield>
    <subfield code="t">Estampa folkl&#xF3;rica --</subfield>
    <subfield code="t">Legaslismo --</subfield>
    <subfield code="t">El sedicioso --</subfield>
    <subfield code="t">El uno y el otro --</subfield>
    <subfield code="t">Biograf&#xED;a de un suicidia --</subfield>
    <subfield code="t">La &#xFA;nica ver&#xED;dica versi&#xF3;n de la muerte de Jhonny Watson relatada por &#xE9;l mismo --</subfield>
    <subfield code="t">Catat&#xF3;nico --</subfield>
    <subfield code="g">Y fastamas --</subfield>
    <subfield code="t">C&#xED;rculo --</subfield>
    <subfield code="t">Su amigo Arcadio --</subfield>
    <subfield code="t">La resignada inmortalidad de Don C&#xE1;stulo --</subfield>
    <subfield code="t">Retorno --</subfield>
    <subfield code="t">M&#xE1;s all&#xE1; del espejo --</subfield>
    <subfield code="t">Doble personalidad --</subfield>
    <subfield code="t">&#xCD;caro --</subfield>
    <subfield code="t">El diario inconcluso --</subfield>
    <subfield code="t">Vertiginoso tiempo --</subfield>
    <subfield code="t">La verdadera pesadilla --</subfield>
    <subfield code="t">La mutaci&#xF3;n --</subfield>
    <subfield code="t">Viaje al microcosmo --</subfield>
    <subfield code="t">La trampa --</subfield>
    <subfield code="t">El cuento sin t&#xED;tulo --</subfield>
    <subfield code="t">Falso embarazo --</subfield>
    <subfield code="t">La pareja --</subfield>
    <subfield code="t">La broma p&#xF3;stuma --</subfield>
    <subfield code="t">La invasi&#xF3;n --</subfield>
    <subfield code="t">El maleficio --</subfield>
    <subfield code="g">Los algarrobos tambi&#xE9;n sue&#xF1;an --</subfield>
    <subfield code="t">Los algarrobos tambi&#xE9;n sue&#xF1;an</subfield>
  </datafield>
  <datafield tag="590" ind1=" " ind2=" ">
    <subfield code="a">Inventariado, 2020/LP</subfield>
  </datafield>
  <datafield tag="650" ind1="1" ind2="0">
    <subfield code="a">Cuentos dominicanos</subfield>
    <subfield code="9">176</subfield>
  </datafield>
  <datafield tag="650" ind1="1" ind2="0">
    <subfield code="a">Literatura dominicana.</subfield>
    <subfield code="9">67</subfield>
  </datafield>
  <datafield tag="700" ind1="1" ind2=" ">
    <subfield code="a"> Bosch, Juan, </subfield>
    <subfield code="d">1909-2001</subfield>
    <subfield code="e">pr&#xF3;l.</subfield>
    <subfield code="9">76555</subfield>
  </datafield>
  <datafield tag="830" ind1=" " ind2="0">
    <subfield code="a">Montesinos</subfield>
    <subfield code="v">2</subfield>
    <subfield code="9">22896</subfield>
  </datafield>
  <datafield tag="910" ind1=" " ind2=" ">
    <subfield code="a">Validado. Control de calidad MMOLINA</subfield>
  </datafield>
  <datafield tag="942" ind1=" " ind2=" ">
    <subfield code="2">ddc</subfield>
    <subfield code="c">LBS1</subfield>
  </datafield>
  <datafield tag="952" ind1=" " ind2=" ">
    <subfield code="0">0</subfield>
    <subfield code="1">0</subfield>
    <subfield code="2">ddc</subfield>
    <subfield code="5">1</subfield>
    <subfield code="7">1</subfield>
    <subfield code="8">AM</subfield>
    <subfield code="a">BNPHU</subfield>
    <subfield code="b">PD</subfield>
    <subfield code="d">2020-12-09</subfield>
    <subfield code="l">0</subfield>
    <subfield code="o">RD863.44 D542d 1986</subfield>
    <subfield code="r">2020-12-09</subfield>
    <subfield code="w">2020-12-09</subfield>
    <subfield code="y">LBS1</subfield>
  </datafield>
  <datafield tag="999" ind1=" " ind2=" ">
    <subfield code="c">49266</subfield>
    <subfield code="d">49266</subfield>
  </datafield>
</record>
